[Event "18. Carlos Torre Magistral"]
[Site "Merida MEX"]
[Date "2005.12.16"]
[Round "2.4"]
[White "Nogueiras, Jesus"]
[Black "Santa Torre, Luis"]
[Result "1-0"]
[WhiteElo "2547"]
[BlackElo "2208"]
[PlyCount "95"]
[EventDate "2005.12.15"]
[EventCountry "MEX"]
[Source "lmi"]
[SourceDate "2005.12.23"]

1. c4 Nf6 2. Nc3 g6 3. e4 d6 4. d4 Bg7 5. Bd3 O-O 6. Nge2 e5 7. d5 a5 8. h3 c6
9. Bg5 Na6 10. Qd2 Bd7 11. dxc6 bxc6 12. Bc2 Be6 13. Rd1 h6 14. Bxh6 Bxh6 15.
Qxh6 Bxc4 16. O-O Nh5 17. Bd3 Bxd3 18. Rxd3 Nc5 19. Rd2 Qe7 20. f4 exf4 21.
Nxf4 Nxf4 22. Rxf4 Qe5 23. Rh4 Rfd8 24. Qh7+ Kf8 25. Rg4 Qg7 26. Qh4 Rab8 27.
Rg5 Nb7 28. Ne2 Re8 29. Nd4 Kg8 30. Nf5 Qh8 31. Nh6+ Kg7 32. Rf2 Nd8 33. Nf5+
Kg8 34. Qxh8+ Kxh8 35. Nxd6 Re6 36. Nxf7+ Nxf7 37. Rxf7 Rxb2 38. Rxa5 Re8 39.
Ra6 c5 40. Rxg6 Rxa2 41. Rh6+ Kg8 42. Rc7 Rxe4 43. Rxc5 Ree2 44. Rg6+ Kf7 45.
Rg4 Rf2 46. Kh2 Rae2 47. h4 Rf1 48. Rcc4 1-0

[Event "18. Carlos Torre Magistral"]
[Site "Merida MEX"]
[Date "2005.12.16"]
[Round "2.5"]
[White "Hernandez, Holden"]
[Black "Beltran, Jorge"]
[Result "1-0"]
[WhiteElo "2483"]
[BlackElo "2194"]
[PlyCount "135"]
[EventDate "2005.12.15"]
[EventCountry "MEX"]
[Source "lmi"]
[SourceDate "2005.12.23"]

1. d4 f5 2. g3 Nf6 3. Bg2 d6 4. Nc3 c6 5. e4 e5 6. dxe5 dxe5 7. Qxd8+ Kxd8 8.
f4 Bb4 9. exf5 Re8 10. fxe5 Rxe5+ 11. Nge2 Bxf5 12. Bf4 Re7 13. O-O-O+ Ke8 14.
a3 Bc5 15. b4 Be3+ 16. Bxe3 Rxe3 17. Rhe1 Bd7 18. Nb5 Kd8 19. Ned4 Rxe1 20.
Rxe1 a5 21. Nd6 axb4 22. Nxb7+ Kc7 23. Nc5 bxa3 24. Kb1 Kd6 25. Nxd7 Kxd7 26.
Rd1 Ke7 27. Nf5+ Kf7 28. Rd8 Ra5 29. Nd4 Nbd7 30. Bxc6 Ne5 31. Bg2 Neg4 32. h3
Ne3 33. Bf3 a2+ 34. Ka1 Rc5 35. Kxa2 Nxc2 36. Nxc2 Rxc2+ 37. Kb3 Rh2 38. h4 Rf2
39. Rd3 Rf1 40. g4 Re1 41. g5 Ne4 42. Kc4 h6 43. Rd4 Nxg5 44. hxg5 hxg5 45. Rd6
Re5 46. Kd4 Ra5 47. Bd5+ Kf8 48. Ke5 Ra1 49. Rd7 Rf1 50. Rd8+ Ke7 51. Rg8 Re1+
52. Be4 Kf7 53. Ra8 Rf1 54. Ra7+ Kf8 55. Ra3 Rf6 56. Rg3 Kf7 57. Rxg5 Re6+ 58.
Kd4 Rf6 59. Bd5+ Kf8 60. Ke5 Rh6 61. Rg1 Rf6 62. Ra1 Ke7 63. Ra7+ Kf8 64. Be6
Rf1 65. Kd6 g5 66. Ke5 Rf2 67. Bf5 Rb2 68. Kf6 1-0

[Event "18. Carlos Torre Magistral"]
[Site "Merida MEX"]
[Date "2005.12.16"]
[Round "2.6"]
[White "Janix Alanis, Isaak"]
[Black "Corrales, Fidel"]
[Result "0-1"]
[WhiteElo "2191"]
[BlackElo "2470"]
[PlyCount "92"]
[EventDate "2005.12.15"]
[EventCountry "MEX"]
[Source "lmi"]
[SourceDate "2005.12.23"]

1. e4 c5 2. Nf3 d6 3. Bc4 Nc6 4. d4 cxd4 5. Nxd4 e5 6. Nf5 Bxf5 7. exf5 Nge7 8.
Nc3 Nxf5 9. Qf3 Qd7 10. Be3 Nfd4 11. Bxd4 Nxd4 12. Qd3 Be7 13. O-O O-O 14. Nd5
b5 15. Bxb5 Nxb5 16. Nxe7+ Qxe7 17. Qxb5 Rab8 18. Qa4 Rxb2 19. Rfd1 g6 20. Rd2
Rd8 21. h4 d5 22. h5 d4 23. Re1 Qc5 24. h6 f6 25. Red1 Rb4 26. Qa6 Rd6 27. Qd3
Rc4 28. Rb1 Rb6 29. Rxb6 axb6 30. Qf3 Qc6 31. Qa3 Kf7 32. Qa7+ Qc7 33. Qa8 Qd7
34. Qh8 Ke6 35. Qg8+ Qf7 36. Qb8 Qc7 37. Qg8+ Qf7 38. Qb8 Rc6 39. Re2 Kf5 40.
f4 Kxf4 41. Qa8 Qd7 42. Qa3 Kg5 43. Qc1+ Kf5 44. Qa3 Ke6 45. Qf8 d3 46. cxd3
Qd4+ 0-1

[Event "18. Carlos Torre Magistral"]
[Site "Merida MEX"]
[Date "2005.12.16"]
[Round "2.7"]
[White "Capo Vidal, Uriel"]
[Black "De la Paz, Frank"]
[Result "1-0"]
[WhiteElo "2189"]
[BlackElo "2456"]
[PlyCount "85"]
[EventDate "2005.12.15"]
[EventCountry "MEX"]
[Source "lmi"]
[SourceDate "2005.12.23"]

1. d4 Nf6 2. c4 g6 3. Nc3 Bg7 4. e4 d6 5. f4 O-O 6. Nf3 c5 7. dxc5 Qa5 8. Bd3
Qxc5 9. Qe2 Nc6 10. Be3 Qa5 11. Rc1 Bg4 12. O-O Nd7 13. Qf2 Nc5 14. Bb1 Bxf3
15. gxf3 Na4 16. Nxa4 Qxa4 17. b3 Qa3 18. Rcd1 Rfd8 19. Kh1 a5 20. Bc1 Qc5 21.
Be3 Qa3 22. Bc1 Qb4 23. Bd2 Bc3 24. a3 Qxb3 25. Qe3 Qxa3 26. Qxc3 Qxc3 27. Bxc3
Rdc8 28. Bd3 Nd8 29. Bd2 a4 30. Ra1 a3 31. Ra2 Ra4 32. Rfa1 Rca8 33. Bc1 Ne6
34. Rxa3 Rxa3 35. Rxa3 Rxa3 36. Bxa3 Nxf4 37. Bc2 Kf8 38. Kg1 Ke8 39. Kf2 Kd7
40. Bc1 Ne6 41. Be3 Nc7 42. Ke2 Kd8 43. Bc1 1-0

[Event "18. Carlos Torre Magistral"]
[Site "Merida MEX"]
[Date "2005.12.16"]
[Round "2.8"]
[White "Villalba Velazquez, Ander"]
[Black "Gonzalez Zamora, Juan Carlos"]
[Result "0-1"]
[WhiteElo "2206"]
[BlackElo "2515"]
[PlyCount "214"]
[EventDate "2005.12.15"]
[EventCountry "MEX"]
[Source "lmi"]
[SourceDate "2005.12.23"]

1. d4 g6 2. Nf3 Bg7 3. c4 c5 4. Nc3 cxd4 5. Nxd4 Nc6 6. Nb3 Nf6 7. e4 O-O 8.
Be2 d6 9. Be3 Be6 10. f3 a5 11. O-O a4 12. Nd4 Nxd4 13. Bxd4 Qa5 14. Nd5 Bxd5
15. cxd5 Rfc8 16. Qd3 Nd7 17. Bxg7 Kxg7 18. Qd4+ f6 19. Rac1 Rc7 20. Rxc7 Qxc7
21. Bb5 Qc5 22. Qxc5 Nxc5 23. Rc1 Ra5 24. Be2 b5 25. Kf2 b4 26. Rc4 Rb5 27. Ke3
Rb7 28. f4 a3 29. b3 f5 30. Bd3 fxe4 31. Bxe4 Rb5 32. Bf3 Kf6 33. g4 g5 34. Be2
Rb7 35. Kf3 h6 36. Kg3 e5 37. dxe6 Nxe6 38. f5 Nc5 39. Bf3 Rb6 40. Rd4 Nd7 41.
Bg2 Ne5 42. Be4 Ke7 43. h4 Rb5 44. f6+ Kxf6 45. Rxd6+ Kg7 46. hxg5 hxg5 47. Bf5
Rc5 48. Rd4 Nc6 49. Rd6 Rc3+ 50. Kf2 Kf7 51. Ke2 Ke7 52. Re6+ Kd8 53. Rd6+ Kc7
54. Rd5 Rh3 55. Be4 Rh2+ 56. Ke3 Ne7 57. Rxg5 Rxa2 58. Rb5 Ra1 59. Ra5 a2 60.
Kf2 Kb6 61. Ra8 Kc5 62. Ra4 Kd4 63. Rxb4+ Kc3 64. Ra4 Kxb3 65. Ra7 Rd1 66. Bc2+
Kxc2 67. Rxa2+ Kd3 68. Re2 Nd5 69. g5 Rh1 70. Re5 Kd4 71. Re1 Rh5 72. Rg1 Ke5
73. g6 Rh8 74. g7 Rg8 75. Kf3 Kf5 76. Rd1 Ne7 77. Rg1 Ng6 78. Ke3 Rxg7 79. Rf1+
Kg4 80. Rg1+ Kh3 81. Kd4 Rd7+ 82. Kc5 Nf4 83. Kc6 Rd2 84. Rg8 Nh5 85. Rg6 Ng3
86. Rg8 Kg2 87. Rf8 Ne4 88. Rf4 Rd4 89. Rf8 Kg3 90. Rf7 Kg4 91. Rf8 Kg5 92. Rf7
Nf6 93. Rg7+ Kf5 94. Rg1 Ke5 95. Re1+ Ne4 96. Rh1 Rc4+ 97. Kb5 Nd6+ 98. Kb6 Rc2
99. Rh5+ Kd4 100. Rh4+ Ne4 101. Kb7 Rc4 102. Kb6 Kc3 103. Rh3+ Kb4 104. Rh1 Nc3
105. Rh6 Nd5+ 106. Ka6 Kc5 107. Kb7 Rb4+ 0-1

[Event "18. Carlos Torre Magistral"]
[Site "Merida MEX"]
[Date "2005.12.16"]
[Round "2.9"]
[White "Leon Hoyos, Manuel"]
[Black "Alayola Montañez, Jose"]
[Result "1-0"]
[WhiteElo "2428"]
[BlackElo "2167"]
[PlyCount "67"]
[EventDate "2005.12.15"]
[EventCountry "MEX"]
[Source "lmi"]
[SourceDate "2005.12.23"]

1. e4 Nf6 2. e5 Nd5 3. d4 d6 4. Nf3 dxe5 5. Nxe5 g6 6. Bc4 Be6 7. Nd2 Nd7 8.
Nef3 N7b6 9. Bb3 Nf4 10. O-O Bxb3 11. Nxb3 Ne6 12. c4 c6 13. Ng5 Nxg5 14. Bxg5
Nxc4 15. Re1 Qd5 16. Bf6 Rg8 17. Qe2 O-O-O 18. Bxe7 Re8 19. Qg4+ f5 20. Qh4 Qf7
21. Bc5 b6 22. Bxf8 Rgxf8 23. Qh3 Rxe1+ 24. Rxe1 Re8 25. Rc1 Qe6 26. Qc3 Nxb2
27. d5 Qe5 28. Qxc6+ Kb8 29. h3 Nd3 30. Na5 bxa5 31. Qb5+ Ka8 32. Qxd3 Rd8 33.
Qa6 Qd6 34. Rc8+ 1-0

[Event "18. Carlos Torre Magistral"]
[Site "Merida MEX"]
[Date "2005.12.16"]
[Round "2.10"]
[White "Ibarra Chami, Luis"]
[Black "Rohl Montes, Juan Armando"]
[Result "0-1"]
[WhiteElo "2172"]
[BlackElo "2405"]
[PlyCount "68"]
[EventDate "2005.12.15"]
[EventCountry "MEX"]
[Source "lmi"]
[SourceDate "2005.12.23"]

1. e4 c5 2. Ne2 g6 3. Nbc3 Bg7 4. g3 Nc6 5. Bg2 d6 6. d3 e6 7. Be3 Nd4 8. Qd2
Ne7 9. Nd1 Bd7 10. Nc1 e5 11. h3 Bc6 12. O-O O-O 13. c3 Ne6 14. f4 f5 15. Ne2
d5 16. fxe5 dxe4 17. d4 Bb5 18. Re1 g5 19. Bxg5 Nxg5 20. Qxg5 Bxe2 21. Rxe2
cxd4 22. cxd4 Qxd4+ 23. Kh1 Qxe5 24. g4 Rad8 25. Nc3 Rd3 26. Rf1 e3 27. Bxb7 h6
28. Qf4 Qxf4 29. Rxf4 Be5 30. Rf3 Bxc3 31. bxc3 f4 32. c4 Rc3 33. Bd5+ Kg7 34.
Kg2 Ng6 0-1

[Event "18. Carlos Torre Magistral"]
[Site "Merida MEX"]
[Date "2005.12.16"]
[Round "2.11"]
[White "Escobedo Tinajero, Alberto"]
[Black "Zepeda, Lorena"]
[Result "1-0"]
[WhiteElo "2403"]
[BlackElo "2148"]
[PlyCount "57"]
[EventDate "2005.12.15"]
[EventCountry "MEX"]
[Source "lmi"]
[SourceDate "2005.12.23"]

1. d4 d5 2. c4 e6 3. Nc3 c6 4. e3 Nf6 5. Nf3 Be7 6. Qc2 Nbd7 7. g4 Nxg4 8. Rg1
f5 9. h3 Ngf6 10. Rxg7 Ne4 11. Bd3 Bf6 12. Rg2 Nf8 13. Bd2 Bd7 14. O-O-O Ng6
15. Kb1 Qe7 16. Rdg1 Qf7 17. Be1 O-O-O 18. Na4 Kb8 19. Bb4 Bc8 20. h4 Rhg8 21.
Bxe4 dxe4 22. Ne5 Qe8 23. Qb3 b6 24. h5 Ne7 25. Bxe7 Rxg2 26. Rxg2 Bxe7 27.
Nxb6 Bb7 28. Na4 Bd6 29. Rg7 1-0

[Event "18. Carlos Torre Magistral"]
[Site "Merida MEX"]
[Date "2005.12.16"]
[Round "2.12"]
[White "Garmendez Gonzalez, Florentino"]
[Black "Ancheyta Tejas, Alejandro"]
[Result "1-0"]
[WhiteElo "2369"]
[BlackElo "2146"]
[PlyCount "69"]
[EventDate "2005.12.15"]
[EventCountry "MEX"]
[Source "lmi"]
[SourceDate "2005.12.23"]

1. e4 c5 2. c3 Nf6 3. e5 Nd5 4. d4 cxd4 5. Nf3 d6 6. cxd4 e6 7. Nc3 Nxc3 8.
bxc3 Nc6 9. Bf4 Be7 10. Bd3 dxe5 11. Nxe5 Qa5 12. Qd2 Nxd4 13. Nc4 Qa4 14. Nd6+
Bxd6 15. Bxd6 Qc6 16. Ba3 Qa4 17. Qb2 Nc6 18. O-O f6 19. Rfe1 Qh4 20. Re4 Qh5
21. Rae1 Nd8 22. Qb4 Qf7 23. Bb5+ Bd7 24. Qd6 Bxb5 25. Rxe6+ Nxe6 26. Rxe6+
Qxe6 27. Qxe6+ Kd8 28. Be7+ Kc7 29. Bd6+ Kb6 30. Bf4+ Ka5 31. Qb3 Rhc8 32. Qa3+
Kb6 33. Be3+ Kc7 34. Qe7+ Kc6 35. Qc5+ 1-0

[Event "18. Carlos Torre Magistral"]
[Site "Merida MEX"]
[Date "2005.12.16"]
[Round "2.13"]
[White "Baltazar, Rafael"]
[Black "Watanabe, Akira"]
[Result "1-0"]
[WhiteElo "2146"]
[BlackElo "2365"]
[PlyCount "215"]
[EventDate "2005.12.15"]
[EventCountry "MEX"]
[Source "lmi"]
[SourceDate "2005.12.23"]

1. d4 Nf6 2. Nf3 d5 3. e3 g6 4. Bd3 Bg7 5. O-O O-O 6. c4 c5 7. Nc3 cxd4 8. exd4
Nc6 9. h3 dxc4 10. Bxc4 Bf5 11. a3 Rc8 12. Ba2 Ne4 13. Ne2 Na5 14. g4 Bd7 15.
Qd3 Nd6 16. Nc3 Nac4 17. Re1 b5 18. b3 Nb6 19. Bg5 Re8 20. Rac1 a6 21. Qe3 Be6
22. Bh4 Nd5 23. Qd2 Nxc3 24. Rxc3 Bd5 25. Rce3 Qc7 26. Bg3 Qc6 27. Ne5 Qb7 28.
Qe2 Red8 29. Nd3 Bxd4 30. Rxe7 Qc6 31. Nb4 Qc3 32. Re3 Bxe3 33. Nxd5 Qxe1+ 34.
Qxe1 Rc1 35. fxe3 Rxe1+ 36. Bxe1 Ne4 37. b4 Kg7 38. Kf1 Rc8 39. Bb1 f5 40. gxf5
gxf5 41. Ne7 Rf8 42. Ke2 Kf6 43. Nd5+ Ke5 44. Nc7 Rf6 45. Bxe4 Kxe4 46. Bg3 Rg6
47. Kf2 Kd3 48. Nd5 Kc2 49. Kf3 Kb3 50. Bc7 Rh6 51. Kf4 Rxh3 52. Kxf5 Rh5+ 53.
Ke6 Rh6+ 54. Ke5 Rc6 55. e4 h5 56. Bd8 Kxa3 57. Kf5 Kb3 58. Be7 Kc4 59. Ne3+
Kd3 60. Ng2 Rc4 61. e5 a5 62. Nf4+ Kd2 63. bxa5 b4 64. Nd5 b3 65. Ba3 Ra4 66.
Bb2 Kc2 67. Bc3 b2 68. Bxb2 Rxa5 69. Ne3+ Kd3 70. Ng2 Ra2 71. Nf4+ Kc4 72. Bc1
Ra5 73. Nxh5 Rxe5+ 74. Kxe5 Kc5 75. Nf4 Kc6 76. Be3 Kc7 77. Kd5 Kb7 78. Ne6 Kb8
79. Kc6 Ka8 80. Nc7+ Kb8 81. Bc5 Kc8 82. Ba7 Kd8 83. Bc5 Kc8 84. Na6 Kd8 85.
Bd6 Ke8 86. Nc5 Kf7 87. Kd5 Kf6 88. Ke4 Kg5 89. Be5 Kg4 90. Nd3 Kh3 91. Kf3 Kh4
92. Nf2 Kg5 93. Ke4 Kh4 94. Kf4 Kh5 95. Kf5 Kh4 96. Kf6 Kh5 97. Bg3 Kh6 98. Nd3
Kh5 99. Ne5 Kh6 100. Nd3 Kh5 101. Kf5 Kh6 102. Be5 Kh5 103. Bf6 Kh6 104. Nf4
Kh7 105. Ke6 Kh6 106. Kf7 Kh7 107. Bg5 Kh8 108. Ne6 1-0

[Event "18. Carlos Torre Magistral"]
[Site "Merida MEX"]
[Date "2005.12.16"]
[Round "2.14"]
[White "Blanco Fernandez, Alvaro"]
[Black "Soto, Fidel"]
[Result "1-0"]
[WhiteElo "2354"]
[BlackElo "2135"]
[PlyCount "49"]
[EventDate "2005.12.15"]
[EventCountry "MEX"]
[Source "lmi"]
[SourceDate "2005.12.23"]

1. d4 d5 2. c4 e6 3. Nc3 Nf6 4. Nf3 Be7 5. Bf4 a6 6. e3 O-O 7. Qc2 c5 8. dxc5
Bxc5 9. O-O-O Bb4 10. Nd2 Nc6 11. Bg5 Be7 12. a3 dxc4 13. Bxc4 Qa5 14. h4 Ne5
15. Be2 h6 16. Kb1 hxg5 17. hxg5 g6 18. gxf6 Bxf6 19. Nde4 Bg7 20. g4 Nxg4 21.
Rdg1 f5 22. Ng5 Bd7 23. Rxg4 fxg4 24. Qxg6 Rf6 25. Rh8+ 1-0

[Event "18. Carlos Torre Magistral"]
[Site "Merida MEX"]
[Date "2005.12.16"]
[Round "2.15"]
[White "Morales Garcia, Sergio"]
[Black "Garcia Martinez, Silvino"]
[Result "0-1"]
[WhiteElo "2130"]
[BlackElo "2337"]
[PlyCount "62"]
[EventDate "2005.12.15"]
[EventCountry "MEX"]
[Source "lmi"]
[SourceDate "2005.12.23"]

1. e4 e6 2. d4 d5 3. Nc3 Bb4 4. e5 c5 5. a3 Bxc3+ 6. bxc3 Ne7 7. Qg4 Qc7 8.
Qxg7 Rg8 9. Qxh7 cxd4 10. Ne2 dxc3 11. f4 Bd7 12. Qd3 Nf5 13. g4 Rxg4 14. Bh3
Rg6 15. Bxf5 exf5 16. Nxc3 Bc6 17. Qd4 Nd7 18. Be3 Rc8 19. Rg1 Rxg1+ 20. Bxg1
Nf8 21. O-O-O Ne6 22. Qd3 Qa5 23. Nxd5 Bxd5 24. Qxd5 Qa4 25. Qd3 Nxf4 26. Qxf5
Qxa3+ 27. Kb1 Qb4+ 28. Ka1 Qa4+ 29. Kb1 Qb5+ 30. Ka1 Rc3 31. Bc5 Qa4+ 0-1

[Event "18. Carlos Torre Magistral"]
[Site "Merida MEX"]
[Date "2005.12.16"]
[Round "2.16"]
[White "Dominguez Aguilar, Guillermo"]
[Black "Guerrero Rodriguez, Alejandra"]
[Result "0-1"]
[WhiteElo "2324"]
[BlackElo "2114"]
[PlyCount "94"]
[EventDate "2005.12.15"]
[EventCountry "MEX"]
[Source "lmi"]
[SourceDate "2005.12.23"]

1. e4 c5 2. Nf3 e6 3. d4 cxd4 4. Nxd4 Qb6 5. Nb3 Nf6 6. Bd3 d6 7. O-O Be7 8. c4
Nbd7 9. Nc3 a6 10. Bf4 Qc7 11. Rc1 b6 12. Bg3 Bb7 13. f4 O-O 14. Qe2 Nc5 15.
Nxc5 Qxc5+ 16. Kh1 Nh5 17. Be1 g6 18. b4 Qc7 19. Bd2 Bf6 20. Rf3 Bg7 21. Rh3
Nf6 22. Nd1 Rac8 23. Nf2 d5 24. e5 Ne4 25. Nxe4 dxe4 26. Bxe4 Rfd8 27. Bxb7
Qxb7 28. Rd3 Bf8 29. h3 Qc6 30. Kh2 Qa4 31. a3 Be7 32. Be3 Rxd3 33. Qxd3 Rd8
34. Qc3 Qc6 35. c5 bxc5 36. Bxc5 Bxc5 37. Qxc5 Qe4 38. Rc4 Qe2 39. Qc6 Rd2 40.
Qa8+ Kg7 41. Rc8 Qf2 42. Qe4 Re2 43. Rc4 Rxe4 44. Rxe4 h5 45. a4 Qc2 46. Rd4
Qxa4 47. h4 a5 0-1

[Event "18. Carlos Torre Magistral"]
[Site "Merida MEX"]
[Date "2005.12.16"]
[Round "3.1"]
[White "Akobian, Varuzhan"]
[Black "Blanco Fernandez, Alvaro"]
[Result "1/2-1/2"]
[WhiteElo "2600"]
[BlackElo "2354"]
[PlyCount "77"]
[EventDate "2005.12.15"]
[EventCountry "MEX"]
[Source "lmi"]
[SourceDate "2005.12.23"]

1. d4 d5 2. c4 e6 3. Nf3 Nf6 4. Nc3 Nbd7 5. cxd5 exd5 6. Bf4 c6 7. e3 Be7 8. h3
Nh5 9. Bh2 g6 10. Bd3 Nb6 11. Qc2 Ng7 12. Be5 f6 13. Bh2 Bf5 14. O-O Bxd3 15.
Qxd3 O-O 16. Rab1 a5 17. Qc2 Bd6 18. Bxd6 Qxd6 19. e4 dxe4 20. Nxe4 Qd5 21. b3
Nf5 22. Rbd1 Nd6 23. Nc5 Rf7 24. Rfe1 Qf5 25. Qd2 Nd5 26. Nh2 h5 27. Nf1 b6 28.
Nd3 Ne4 29. Qc2 Nec3 30. Rc1 Nb4 31. Nxb4 axb4 32. Qxf5 gxf5 33. a4 f4 34. Nd2
b5 35. axb5 cxb5 36. Ne4 Rc7 37. Kf1 Kf7 38. Nc5 Ra3 39. Rc2 1/2-1/2

[Event "18. Carlos Torre Magistral"]
[Site "Merida MEX"]
[Date "2005.12.16"]
[Round "3.2"]
[White "Garcia Martinez, Silvino"]
[Black "Nogueiras, Jesus"]
[Result "0-1"]
[WhiteElo "2337"]
[BlackElo "2547"]
[PlyCount "64"]
[EventDate "2005.12.15"]
[EventCountry "MEX"]
[Source "lmi"]
[SourceDate "2005.12.23"]

1. e4 g6 2. d4 Bg7 3. Nf3 d6 4. c4 Nf6 5. Nc3 O-O 6. Be2 c6 7. O-O a6 8. h3 b5
9. e5 dxe5 10. Nxe5 Be6 11. c5 Nd5 12. Bf3 Nxc3 13. bxc3 Bxe5 14. dxe5 Qc7 15.
Bg5 Re8 16. Re1 Nd7 17. Qd4 Rad8 18. Qe3 Nf8 19. h4 Bd5 20. h5 Bxf3 21. gxf3
Qd7 22. hxg6 hxg6 23. Kg2 Qf5 24. Rad1 Rxd1 25. Rxd1 Ne6 26. Bh4 Kg7 27. Bg3
Rh8 28. Rh1 Rxh1 29. Kxh1 Qb1+ 30. Kg2 Qxa2 31. Bh4 f6 32. exf6+ exf6 0-1

[Event "18. Carlos Torre Magistral"]
[Site "Merida MEX"]
[Date "2005.12.16"]
[Round "3.3"]
[White "Corrales, Fidel"]
[Black "Capo Vidal, Uriel"]
[Result "1-0"]
[WhiteElo "2470"]
[BlackElo "2189"]
[PlyCount "91"]
[EventDate "2005.12.15"]
[EventCountry "MEX"]
[Source "lmi"]
[SourceDate "2005.12.23"]

1. d4 d5 2. c4 e6 3. Nc3 Be7 4. Nf3 Nf6 5. cxd5 exd5 6. Bg5 c6 7. e3 Bf5 8. Bd3
Bxd3 9. Qxd3 Nbd7 10. O-O O-O 11. Rab1 a5 12. Qc2 Re8 13. a3 Ne4 14. Bxe7 Qxe7
15. b4 axb4 16. axb4 Nb6 17. Nxe4 Qxe4 18. Qb3 Nc4 19. Ra1 Reb8 20. b5 Qe8 21.
bxc6 bxc6 22. Rxa8 Rxa8 23. Rb1 Qc8 24. h3 h6 25. Qb4 Qf8 26. Qb7 Qc8 27. Qe7
Rb8 28. Rc1 Qb7 29. Qh4 Ra8 30. Rf1 Ra2 31. Qg4 Kh7 32. Qf5+ g6 33. Qf6 Ra7 34.
h4 Qd7 35. Rb1 Qd6 36. Qxd6 Nxd6 37. Ne5 Ne4 38. Nxc6 Ra2 39. f3 Nd6 40. Ne7
Ra5 41. Rc1 Ra3 42. Kf2 Ra2+ 43. Kg3 Re2 44. Rc3 Nf5+ 45. Nxf5 gxf5 46. f4 1-0

[Event "18. Carlos Torre Magistral"]
[Site "Merida MEX"]
[Date "2005.12.16"]
[Round "3.4"]
[White "Huertas Soris, Ramon"]
[Black "Hernandez, Holden"]
[Result "0-1"]
[WhiteElo "2322"]
[BlackElo "2483"]
[PlyCount "96"]
[EventDate "2005.12.15"]
[EventCountry "MEX"]
[Source "lmi"]
[SourceDate "2005.12.23"]

1. d4 Nf6 2. c3 d5 3. Bg5 Ne4 4. Bf4 e6 5. Nd2 Nxd2 6. Qxd2 Be7 7. e3 Nd7 8.
Bd3 g5 9. Bg3 h5 10. f3 c5 11. Ne2 h4 12. Bf2 cxd4 13. exd4 Bd6 14. Be3 Rg8 15.
h3 f5 16. O-O-O f4 17. Bf2 Qa5 18. Kb1 b5 19. Nc1 a6 20. Qe2 Kf7 21. Rhe1 Nf6
22. Nb3 Qc7 23. Nc5 Re8 24. Bc2 Bxc5 25. dxc5 e5 26. Ka1 Bd7 27. Bb1 a5 28. Qc2
Rg8 29. a3 Rad8 30. Ba2 Bc8 31. Qe2 Rge8 32. Qxb5 Bf5 33. c6 Rd6 34. Bb6 Qxc6
35. Qxc6 Rxc6 36. Bxa5 Kg6 37. Bb4 e4 38. Bb1 Kf7 39. a4 Bc8 40. Ba2 exf3 41.
Rxe8 Kxe8 42. gxf3 Bxh3 43. Rg1 g4 44. fxg4 f3 45. g5 f2 46. Rd1 f1=Q 47. Rxf1
Bxf1 48. gxf6 Bg2 0-1

[Event "18. Carlos Torre Magistral"]
[Site "Merida MEX"]
[Date "2005.12.16"]
[Round "3.5"]
[White "Gonzalez Zamora, Juan Carlos"]
[Black "Hitzler, Philipp"]
[Result "1-0"]
[WhiteElo "2515"]
[BlackElo "2215"]
[PlyCount "93"]
[EventDate "2005.12.15"]
[EventCountry "MEX"]
[Source "lmi"]
[SourceDate "2005.12.23"]

1. Nf3 d5 2. d4 Nf6 3. c4 c6 4. e3 e6 5. Bd3 Nbd7 6. O-O Be7 7. b3 Ne4 8. Qc2
f5 9. Ba3 Bxa3 10. Nxa3 Qe7 11. Qb2 O-O 12. Nc2 g5 13. Ne5 Nd6 14. f4 Nf7 15.
cxd5 cxd5 16. Rac1 Ndxe5 17. dxe5 Bd7 18. Nd4 Rac8 19. b4 Rxc1 20. Rxc1 Rc8 21.
Rxc8+ Bxc8 22. Qc3 Bd7 23. a3 Qd8 24. g3 a6 25. Kf2 gxf4 26. exf4 Qb6 27. h3
Nd8 28. Qc5 Qxc5 29. bxc5 Nc6 30. Ke3 Ne7 31. g4 Kf7 32. gxf5 exf5 33. a4 Kg6
34. a5 Bc8 35. c6 bxc6 36. Nb3 c5 37. Nxc5 Nc6 38. Nb3 d4+ 39. Nxd4 Nxa5 40.
Kd2 Kh5 41. Kc3 Kh4 42. e6 Bxe6 43. Nxe6 Nc6 44. Bxf5 Ne7 45. Bxh7 Kxh3 46. Kd4
a5 47. f5 1-0

[Event "18. Carlos Torre Magistral"]
[Site "Merida MEX"]
[Date "2005.12.16"]
[Round "3.6"]
[White "Fierro Baquero, Martha"]
[Black "Leon Hoyos, Manuel"]
[Result "0-1"]
[WhiteElo "2269"]
[BlackElo "2428"]
[PlyCount "34"]
[EventDate "2005.12.15"]
[EventCountry "MEX"]
[Source "lmi"]
[SourceDate "2005.12.23"]

1. e4 c5 2. Nf3 g6 3. d4 Bg7 4. dxc5 Qa5+ 5. c3 Qxc5 6. Be3 Qc7 7. h3 d6 8. Be2
Nf6 9. O-O O-O 10. Qc2 Nbd7 11. Nbd2 a6 12. c4 d5 13. Bd3 dxe4 14. Nxe4 Nxe4
15. Bxe4 Nc5 16. Bd4 Bxd4 17. Nxd4 Qe5 0-1

[Event "18. Carlos Torre Magistral"]
[Site "Merida MEX"]
[Date "2005.12.16"]
[Round "3.7"]
[White "Rohl Montes, Juan Armando"]
[Black "Baltazar, Rafael"]
[Result "1-0"]
[WhiteElo "2405"]
[BlackElo "2146"]
[PlyCount "77"]
[EventDate "2005.12.15"]
[EventCountry "MEX"]
[Source "lmi"]
[SourceDate "2005.12.23"]

1. e4 e6 2. d4 d5 3. e5 Qd7 4. c3 b6 5. a4 a5 6. Nf3 Ba6 7. Bxa6 Nxa6 8. O-O h5
9. b3 Ne7 10. Na3 Nf5 11. Nc2 c5 12. Ne3 Ne7 13. c4 Nb4 14. Ba3 Nec6 15. cxd5
Nxd5 16. Nxd5 Qxd5 17. dxc5 bxc5 18. Qxd5 exd5 19. Rac1 Nb4 20. Rfd1 Rd8 21.
Ne1 c4 22. bxc4 d4 23. Bxb4 Bxb4 24. Nd3 Bc3 25. Rb1 Rh6 26. Kf1 Rc6 27. c5 Ke7
28. Rb7+ Rd7 29. Rdb1 g5 30. Ke2 Rxb7 31. Rxb7+ Ke6 32. Kf3 Bb4 33. Rb5 f5 34.
exf6 Kd5 35. Rb6 Rc7 36. Rd6+ Kc4 37. Ke4 Bc3 38. f7 Rc8 39. Ne5+ 1-0

[Event "18. Carlos Torre Magistral"]
[Site "Merida MEX"]
[Date "2005.12.16"]
[Round "3.8"]
[White "Huerta, Dayron"]
[Black "Escobedo Tinajero, Alberto"]
[Result "1/2-1/2"]
[WhiteElo "2263"]
[BlackElo "2403"]
[PlyCount "102"]
[EventDate "2005.12.15"]
[EventCountry "MEX"]
[Source "lmi"]
[SourceDate "2005.12.23"]

1. d4 d5 2. Bf4 Nf6 3. e3 c5 4. c3 Nc6 5. Nf3 Qb6 6. Qb3 c4 7. Qc2 Bf5 8. Qc1
e6 9. Nbd2 h6 10. Ne5 Nxe5 11. Bxe5 Nd7 12. Bg3 Rc8 13. f3 e5 14. e4 Be6 15.
dxe5 Qe3+ 16. Be2 Nc5 17. Kf1 Nd3 18. Bxd3 Qxd3+ 19. Kg1 Rd8 20. Bf2 Be7 21. h4
g5 22. Qe1 g4 23. Rd1 dxe4 24. Qxe4 Qxe4 25. fxe4 g3 26. Bd4 Rg8 27. Re1 b5 28.
a3 a5 29. Re3 b4 30. axb4 axb4 31. Nf1 b3 32. Rxg3 Rxg3 33. Nxg3 Ra8 34. Kh2
Bxh4 35. Nf5 Bg5 36. Kg3 Kd7 37. Kf3 Ra2 38. Rb1 h5 39. Bc5 Ra5 40. Rd1+ Kc8
41. Bd6 f6 42. Rh1 fxe5 43. Bb4 Ra2 44. Ba3 Bd2 45. Nd6+ Kd7 46. Nxc4 Bxc4 47.
Rd1 Ke6 48. Rxd2 Ra1 49. Rd6+ Kf7 50. Rd2 Ke6 51. Rd6+ Kf7 1/2-1/2

[Event "18. Carlos Torre Magistral"]
[Site "Merida MEX"]
[Date "2005.12.16"]
[Round "3.9"]
[White "Guerrero Rodriguez, Alejandra"]
[Black "Garmendez Gonzalez, Florentino"]
[Result "1/2-1/2"]
[WhiteElo "2114"]
[BlackElo "2369"]
[PlyCount "97"]
[EventDate "2005.12.15"]
[EventCountry "MEX"]
[Source "lmi"]
[SourceDate "2005.12.23"]

1. e4 c5 2. c3 e6 3. d4 d5 4. exd5 exd5 5. Nf3 Bd6 6. Bb5+ Nc6 7. O-O Nge7 8.
dxc5 Bxc5 9. Bg5 f6 10. Bf4 O-O 11. Nbd2 Ng6 12. Bg3 a6 13. Bd3 Bd6 14. Bxd6
Qxd6 15. Nc4 Qd8 16. Ne3 Nf4 17. Bc2 d4 18. cxd4 Nxd4 19. Nxd4 Qxd4 20. Bb3+
Kh8 21. Qxd4 Ne2+ 22. Kh1 Nxd4 23. Bd5 Ra7 24. Rfd1 Nf5 25. Nxf5 Bxf5 26. f3 b5
27. Rac1 h5 28. Kg1 Kh7 29. Kf2 Kg6 30. h4 Kh6 31. Bb3 Re8 32. Rc5 Bg6 33. Rd6
Rae7 34. Rd2 Bf7 35. Bxf7 Rxf7 36. Rdd5 Rfe7 37. Rd2 Kg6 38. a4 bxa4 39. Ra5
Re6 40. Rxa4 Rb8 41. b4 Rc8 42. Rda2 Rcc6 43. Ra5 Rb6 44. Kg3 Red6 45. R2a4 Kh6
46. Rc5 Kg6 47. Rca5 Rbc6 48. Ra2 Rb6 49. R2a4 1/2-1/2